| Tag |
First Indicator |
Second Indicator |
Subfields |
| LEADER |
00000nam a2200000Ia 4500 |
| 001 |
in00004296313 |
| 005 |
20200810081720.0 |
| 006 |
m g d |
| 007 |
cr bn |||a|bb| |
| 008 |
860117s1648 enk o 00| | eng d |
| 035 |
|
|
|a (OCoLC)13033609
|
| 040 |
|
|
|a EAA
|c EAA
|d m/c
|d WaOLN
|
| 037 |
|
|
|a CL0037000011
|b ProQuest Information and Learning. 300 N. Zeeb Rd., Ann Arbor, MI 48106
|
| 049 |
|
|
|a UMIA
|
| 100 |
1 |
|
|a Sterry, Peter,
|d 1613-1672.
|
| 245 |
1 |
4 |
|a The clouds in which Christ comes :
|b opened in a sermon before the Honourable House of Commons, assembled in Parliament, upon the solemne day of their monthly fast, Octob. 27, 1647 /
|c by Peter Sterry ...
|
| 260 |
|
|
|a London :
|b Printed for R. Dawlman ...,
|c 1648.
|
| 300 |
|
|
|a 1 online resource ([9], 56 pages)
|
| 336 |
|
|
|a text
|b txt
|2 rdacontent
|
| 337 |
|
|
|a computer
|b c
|2 rdamedia
|
| 338 |
|
|
|a online resource
|b cr
|2 rdacarrier
|
| 500 |
|
|
|a "Published by order of that House"
|
| 500 |
|
|
|a Errata: pages [9].
|
| 500 |
|
|
|a Reproduction of original in Princeton University Library.
|
| 510 |
4 |
|
|a Wing
|c S5475
|
| 533 |
|
|
|a Electronic reproduction.
|b Ann Arbor, Mich. :
|c UMI,
|d 1999-
|f (Early English books online)
|n Digital version of: (Early English books, 1641-1700 ; 400:22)
|7 s1999 miun s
|
| 650 |
|
0 |
|a Fast-day sermons.
|
| 630 |
0 |
0 |
|a Bible.
|p N.T.
|p Revelation I, 7
|v Sermons.
|
| 650 |
|
0 |
|a Sermons, English
|y 17th century.
|
| 830 |
|
0 |
|a Early English books online.
|
| 856 |
4 |
0 |
|u http://proxy.library.tamu.edu/login?url=https://search.proquest.com/docview/2240869006
|z Connect to the full text of this electronic book
|t 0
|
| 999 |
f |
f |
|s 4f9fe85b-0052-35b4-88ff-7dffe49a52e4
|i aeac26d2-85cd-3f6f-92cc-b7ef87da942c
|t 0
|
| 952 |
f |
f |
|a Texas A&M University
|b College Station
|c Electronic Resources
|d Available Online
|t 0
|h No information provided
|
| 998 |
f |
f |
|t 0
|l Available Online
|